Hauptstädte Europas-Sudden Death - Statistiken

Allgemein
  • Dieses Quiz wurde 1.703 mal gespielt
    536 seit der letzten Aktualisierung
  • Das Durchschnittsergebnis liegt bei 17 aus 20
Answers on the Grid
Answers color-coded by a green-red scale on the quiz's grid according to % correct below.
Rom
Berlin
Hamburg
Kopenhagen
Porto
Mailand
Prag
Riga
St. Petersburg
Brüssel
Warschau
Athen
Chisinau
Konstanza
Bratislava
Andorra la vella
Barcelona
Madrid
Lissabon
Funchal
München
Sofia
San Marino
Marseille
Paris
Oslo
Reykjavik
Malmö
Vaduz
Belgrad
 
Antwortstatistiken
Antwort % Korrekt
Rom
99%
Berlin
96%
Kopenhagen
93%
Prag
90%
Brüssel
88%
Warschau
88%
Athen
86%
Madrid
85%
Riga
84%
Lissabon
83%
Oslo
83%
Paris
83%
Bratislava
82%
Sofia
82%
Reykjavik
81%
Belgrad
80%
Andorra la vella
79%
San Marino
77%
Vaduz
77%
Chisinau
74%
Keine übereinstimmenden Quizze gefunden
Verteilung der Resultate
Anzahl Personen mit jedem Resultat
Perzentil nach korrekt beantworteten Fragen
Ihre Resultats-Entwicklung
Sie haben dieses Quiz seit der letzten Aktualisierung nicht gespielt